LEADER 00845cam0 2200253 450 001 E600200032280 005 20200330102114.0 100 $a20071211d1954 |||||ita|0103 ba 101 $aeng 102 $aUS 200 1 $a<>sea around us$fRachel L. Carson$gDrawings by Katherine L. Howe 210 $aNew York$cThe New American Library$d1954 215 $a176 p.$cill.$d18 cm 700 1$aCarson$b, Rachel L.$3A600200045327$4070$072677 702 1$aHowe, Katherine L.$3A600200045328$4070 801 0$aIT$bUNISOB$c20200330$gRICA 850 $aUNISOB 852 $aUNISOB$j500$m6247 912 $aE600200032280 940 $aM 102 Monografia moderna SBN 941 $aM 957 $a500$b000474$gSi$d6247$racquisto$1pregresso3$2UNISOB$3UNISOB$420071211112213.0$520200330090617.0$6Spinosa 996 $aSea around us$936824 997 $aUNISOB LEADER 01582nas 2200505- 450 001 9910231554503321 005 20220125084410.0 011 $a2574-0970 035 $a(OCoLC)999606542 035 $a(CKB)3810000000289616 035 $a(CONSER)--2017201794 035 $a(DE-599)ZDB2916552-0 035 $a(EXLCZ)993810000000289616 100 $a20170804a20189999 --- a 101 0 $aeng 135 $aur||||||||||| 181 $ctxt$2rdacontent 182 $cc$2rdamedia 183 $acr$2rdacarrier 200 00$aACS applied nano materials 210 1$aWashington, DC :$cAmerican Chemical Society,$d[2018-] 300 $aRefereed/Peer-reviewed 517 1 $aAmerican Chemical Society applied nano materials 517 1 $aApplied nano materials 531 0 $aACS appl. nano mater. 606 $aNanochemistry$vPeriodicals 606 $aNanostructured materials$vPeriodicals 606 $aNanotechnology$vPeriodicals 606 $aNanotechnology$2fast$3(OCoLC)fst01032639 606 $aNanostructured materials$2fast$3(OCoLC)fst01032630 606 $aNanochemistry$2fast$3(OCoLC)fst01741250 608 $aPeriodicals.$2fast 608 $aPeriodicals.$2lcgft 615 0$aNanochemistry 615 0$aNanostructured materials 615 0$aNanotechnology 615 7$aNanotechnology. 615 7$aNanostructured materials. 615 7$aNanochemistry. 676 $a620.1/15 712 02$aAmerican Chemical Society, 906 $aJOURNAL 912 $a9910231554503321 996 $aACS applied nano materials$91762162 997 $aUNINA